000
00320nam a22001217a 4500
008
180521b xxu||||| |||| 00| 0 eng d
041
_a
eng
080
_a
043.3
100
_a
0
101
_a
MBE-BA
245
_a
Menaxhimi i Riskut, Luhatjet ne Kursin Valutor dhe Investimet e huaja direkte
_c
Shala, K
942
_2
udc
_c
BK
999
_c
46122
_d
46122